Govt. of
Madhya Pradesh

सिंहलदीप की पदि़मनी (Record no. 54687)

MARC details
000 -LEADER
fixed length control field 00590nam a22001697a 4500
003 - CONTROL NUMBER IDENTIFIER
control field MACL
005 - DATE AND TIME OF LATEST TRANSACTION
control field 20160722145208.0
008 - FIXED-LENGTH DATA ELEMENTS--GENERAL INFORMATION
fixed length control field 160722b xxu||||| |||| 00| 0 eng d
040 ## - CATALOGING SOURCE
Transcribing agency MACL
041 ## - LANGUAGE CODE
Language code of text/sound track or separate title Hindi
082 ## - DEWEY DECIMAL CLASSIFICATION NUMBER
Classification number 741.642 SHA
100 ## - MAIN ENTRY--PERSONAL NAME
Personal name शास्‍त्री, ए. सी
9 (RLIN) 64991
245 ## - TITLE STATEMENT
Title सिंहलदीप की पदि़मनी
Statement of responsibility, etc. ए. सी. शास्‍त्री
260 ## - PUBLICATION, DISTRIBUTION, ETC. (IMPRINT)
Place of publication, distribution, etc. नई दिल्‍ली
Name of publisher, distributor, etc. राष्‍ट्रीय साहित्‍य सदन
Date of publication, distribution, etc. 2014
650 ## - SUBJECT ADDED ENTRY--TOPICAL TERM
Topical term or geographic name as entry element Children Section
9 (RLIN) 64992
942 ## - ADDED ENTRY ELEMENTS (KOHA)
Source of classification or shelving scheme
Koha item type Hindi Books
Holdings
Withdrawn status Lost status Source of classification or shelving scheme Damaged status Not for loan Home library Current library Shelving location Date acquired Cost, normal purchase price Total Checkouts Full call number Barcode Date last seen Date last checked out Price effective from Koha item type
          MACL MACL Children's Area 22/07/2016 350.00 2 741.642 SHA CRH031201 29/08/2018 23/08/2018 22/07/2016 Hindi Books